Normal view
MARC view
Entry Personal Name
001 - CONTROL NUMBER
- control field: 27121
003 - CONTROL NUMBER IDENTIFIER
- control field: ARRUPE
005 - DATE AND TIME OF LATEST TRANSACTION
- control field: 20161028111738.0
008 - FIXED-LENGTH DATA ELEMENTS
- fixed length control field: 161028|| aca||aabn | a|a d
040 ## - CATALOGING SOURCE
- Original cataloging agency: ARRUPE
- Transcribing agency: ARRUPE
100 ## - HEADING--PERSONAL NAME
- Personal name: Newton, Rae R.
670 ## - SOURCE DATA FOUND
- Source citation: Work cat.: (ARRUPE)0: Rudestam, Kjell Erik. 27118, Surviving your dissertation :, 2015